000 00690nam a2200277Ia 4500
005 20260324123005.0
008 008 260324s9999 xx 000 0 eng d
020 _a9781315241944
037 _aEBOOK
040 _aCRL
040 _beng
040 _cCRL
041 _2eng
041 _aeng
084 _qCRL
100 _aJulia Planko; Ron Schipper; Gilbert Silvius; Jasper van den Brink
_91168613
245 0 _aSustainability in Project Management
260 _bTaylor and Francis
260 _c2012
365 _a
365 _b300
856 _uhttp://www.taylorfrancis.com/books/9781315241944
942 _cEBOOK
999 _c1761735
_d1761735